| 000 | 00716nam a2200169Ia 4500 | ||
|---|---|---|---|
| 999 |
_c39818 _d39818 |
||
| 001 | 6423 | ||
| 003 | GE_BSU | ||
| 005 | 20191115121710.0 | ||
| 008 | 181216s||||||||xx |||||||||||||| ||und|| | ||
| 040 | _cGE_BSU | ||
| 080 | _a342.743(479.22) | ||
| 245 |
_aსაქართველოს საგადასახადო კოდექსი : _b(ოფიციალური ტექსტი). კოდექსი ძალაში შედის 2011 წლის 1 იანვრიდან. |
||
| 264 |
_aთბილისი : _bშპს კვარი, _c2010. |
||
| 300 |
_a378 გვ.; _b20 სმ. |
||
| 653 | _aსაგადასახადო კოდექსი | ||
| 942 |
_cBK _2udc |
||